000 01151nam a2200241Ia 4500
001 1219
003 GE_BSU
008 181216s||||||||xx |||||||||||||| ||und||
040 _cGE_BSU
080 _a632.9+632.2/7+630.4
100 _aგეგენავა, გ; ბუაჩიძე, კ;
245 _aმცენარეთა დაცვის საფუძვლები
245 _bსაკითხავი წიგნი სას-სამ. კულტურების და ტყის მცენარეულობის მავნებლებიდან, ავადმყოფიდან და სარეველებიდან დაცვაში
245 _cრედ.ნ ცინცაძე
260 _aთბილისი
260 _c1999
300 _a399 გვ. 19 სმ.
541 _h12 ლ.
653 _aმცენარეთა დაცვა
653 _aმცენარეთა დაცვის საფუძვლები
653 _aსასოფლო-სამეურნეო კულტურების დაცვა
942 _cBK
999 _c35366
_d35366